Normal view
MARC view
- M,MEHMER
Entry Personal Name
001 - CONTROL NUMBER
- control field: 109003
003 - CONTROL NUMBER IDENTIFIER
- control field: NUST
005 - DATE AND TIME OF LATEST TRANSACTION
- control field: 20230213123323.0
008 - FIXED-LENGTH DATA ELEMENTS
- fixed length control field: 230213|| aca||aabn | a|a d
040 ## - CATALOGING SOURCE
- Original cataloging agency: NUST
- Transcribing agency: NUST
100 ## - HEADING--PERSONAL NAME
- Personal name: M,MEHMER
670 ## - SOURCE DATA FOUND
- Source citation: Work cat.: (NUST): M,MEHMER., BIG DATA OF COMPLEX NETWORKS /, 2017.
